| 000 | 00600nam a22001577a 4500 | ||
|---|---|---|---|
| 003 | OSt | ||
| 005 | 20151002112036.0 | ||
| 008 | 151002b xxu||||| |||| 00| 0 eng d | ||
| 040 | _cRUA | ||
| 082 | _aAVM ហេង 1989 B065 Or.1 | ||
| 100 |
_91743 _aហេង ម៉ូរ៉ានី |
||
| 245 | _aឥទ្ធិពលនៃអ៊ីយ៉ូតទៅលើការផលិតសាច់ និង សន្ទស្សន៍ឈាមកូនជ្រូកក្នុងរយះពេលបំប៉ន | ||
| 260 |
_aPhnom Penh _bRUA _c1989 |
||
| 300 |
_a111p. _bill. _c29cm. |
||
| 942 |
_2ddc _cAVM |
||
| 999 |
_c1645 _d1645 |
||